Tous les jeux Pokémon sur mobile - Statistiques

Statistiques générales
  • Ce quiz a été pris 59 fois
    21 depuis la dernière actualisation
  • Le résultat moyen est 2 sur 8
Statistiques - réponses
Jeu % Correct
Pokémon Go
88%
Pokémon Unite
59%
Pokémon Café ReMix
29%
Pokémon Masters EX
18%
Pokémon Friends
12%
Pokémon: Magicarpe Jump
6%
Pokémon Quest
6%
Pokémon Rumble Rush
0%
Aucun quiz correspondant
Distribution des résultats
% des personnes avec chaque résultat
Percentile par nombre de réponses
Votre historique - résultats
Vous n’avez pas pris ce quiz depuis la dernière actualisation